| 000 | 01617cam a22003734a 4500 | ||
|---|---|---|---|
| 001 | 16939449 | ||
| 003 | NUST | ||
| 005 | 20230207130221.0 | ||
| 008 | 110829s2012 nyua b 001 0 eng | ||
| 010 | _a 2011034971 | ||
| 020 | _a9780375504426 (acidfree paper) | ||
| 020 | _z9780679645191 (ebook) | ||
| 040 |
_aDLC _cDLC _dDLC |
||
| 042 | _apcc | ||
| 043 |
_aa-vt--- _ae-fr--- _an-us--- |
||
| 082 | 0 | 0 | _a959.7041,LOG |
| 100 | 1 |
_aLogevall, Fredrik, _d1963- _9108691 |
|
| 245 | 1 | 0 |
_aEmbers of war : _bthe fall of an empire and the making of America's Vietnam / _cFredrik Logevall. |
| 250 | _a1st ed. | ||
| 260 |
_aNew York : _bRandom House, _cc2012. |
||
| 300 |
_axxii, 839 p. : _bill. ; _c25 cm. |
||
| 505 | 0 | _aPart.1 Liberations, 1940-1945 (Page-23), Part. 2 Colonial Struggle, 1946-1949 (Page-123), Part. 3 East Meets West, 1949-1953 (Page-217), Part. 4 The Cauldron, 1953-1954 (Page-381), Part. 5 Peace of a Kind, 1954 (Page-549), Part. 6 Seizing the Torch, 1954-1959 (Page-617). | |
| 650 | 0 |
_aIndochinese War, 1946-1954. _9108692 |
|
| 650 | 0 |
_aIndochinese War, 1946-1954 _xDiplomatic history. _9108693 |
|
| 650 | 0 |
_aVietnam War, 1961-1975 _xCauses. _9108694 |
|
| 651 | 0 |
_aFrance _xColonies _zAsia. _9108695 |
|
| 651 | 0 |
_aVietnam _xColonization. _9108696 |
|
| 651 | 0 |
_aVietnam _xPolitics and government _y1945-1975. _9108697 |
|
| 651 | 0 |
_aUnited States _xForeign relations _zFrance. _9108698 |
|
| 651 | 0 |
_aFrance _xForeign relations _zUnited States. _9108699 |
|
| 651 | 0 |
_aUnited States _xForeign relations _zVietnam. _9108700 |
|
| 651 | 0 |
_aVietnam _xForeign relations _zUnited States. _9108701 |
|
| 942 |
_2ddc _cBK |
||
| 999 |
_c593148 _d593148 |
||